Taylor Swift - guess the song from the first line - Statistics

General Stats
  • This quiz has been taken 73 times
  • The average score is 10 of 15
Answer Stats
Lyric Song name % Correct
I stay up too late, got nothing in my brain Shake it off
98%
This aint for the best, my reputations never been worse so Delicate
92%
I walked through the door with you, the air was cold All too well
91%
It was so nice throwing big parties, jump into the pool from the balcony This is why we can't have nice things
84%
Looking at it now, it all seemed so simple Out of the woods
83%
You were in college working part time waiting tables Mine
81%
Stand there like a ghost, shaking from the rain How you get the girl
75%
When the morning came we, were cleaning incense off your vinyl shelf Maroon
75%
What did you think I'd say to that? Mad woman
63%
Gleaming, twinkling, eyes like sinking ships on water Gold rush
61%
It's strange to think the songs we used to sing Should've said no
53%
Put your lips close to mine, as long as they don't touch Treacherous
47%
The buttons of my coat were tangled in my hair Soon you'll get better
36%
I could go back to every laugh, but I don't wanna go there anymore Come in with the rain
33%
I'd never gone with the wind, just let it flow Crazier
27%
No matching quizzes found
Score Distribution
Percent of People with Each Score
Percentile by Number Answered
Your Score History
You have not taken this quiz